| 000 | 00609nam a2200193 a 4500 | ||
|---|---|---|---|
| 005 | 20210223120425.0 | ||
| 008 | 991125s1982 mx 000 0 spa u | ||
| 035 | _aUPN01000000889 | ||
| 049 | _aCG | ||
| 050 | 4 |
_aHJ9015 A7 _bL8.3 |
|
| 100 | 1 | _aLusztig, Peter | |
| 245 | 1 | 3 |
_aLa administración financiera en el contexto mexicano / _cPeter Lusztig, Bernard Schwab, Miguel Angel Corzo. |
| 260 |
_aMéxico : _bLimusa, _c1982. |
||
| 300 | _a1001 p. | ||
| 650 | 4 |
_aADMINISTRACION Y PROCEDIMIENTO DE IMPUESTOS _9663 |
|
| 700 | 1 |
_aSchwab, Bernard, _ecoaut. |
|
| 700 | 1 |
_aCorzo, Miguel Angel, _ecoaut. |
|
| 905 | _aLibro | ||
| 999 |
_c889 _d889 |
||